New Century's Shakespeare: (Record no. 201798)

MARC details
000 -LEADER
fixed length control field 00558nam a22001817a 4500
005 - DATE AND TIME OF LATEST TRANSACTION
control field 20240514150224.0
010 ## - LCCN (DPL NO)
LC control number ENG-139944
020 ## - INTERNATIONAL STANDARD BOOK NUMBER
Terms of availability 95.00
International Standard Book Number 9788123428970
035 ## - SYSTEM CONTROL NUMBER
System control number EN-123476
037 ## - SOURCE OF ACQUISITION
Source of stock number/acquisition DBAD
082 ## - DEWEY DECIMAL CLASSIFICATION NUMBER
Classification number 882
Edition number 1
245 ## - TITLE STATEMENT
Title New Century's Shakespeare:
Remainder of title Much Ado About Nothing/
Statement of responsibility, etc Edt. by Prof. K. Natarajan
250 ## - EDITION STATEMENT
Edition statement 1
260 ## - PUBLICATION, DISTRIBUTION, ETC. (IMPRINT)
Place of publication, distribution, etc Chennai
Name of publisher, distributor, etc New Century Book House (P) Ltd.
Date of publication, distribution, etc 2016
270 ## - ADDRESS
Address 41-B, SIDCO Industrial Estate, Ambattur
City Chennai
Postal code 600098
300 ## - PHYSICAL DESCRIPTION
Extent 125p;
Dimensions 21(pb)
942 ## - ADDED ENTRY ELEMENTS (KOHA)
Source of classification or shelving scheme Dewey Decimal Classification
Item type English Books
Classification part 882
Call number suffix CEN
Edition 1
Holdings
Withdrawn status Lost status Not for loan Collection code Home library Current library Date acquired Source of acquisition Cost, normal purchase price Full call number Barcode Copy number Cost, replacement price Koha item type
      Non-fiction Bawana Bawana 01/04/2024 DBAD 95.00 882 CEN EN-123476 1 95.00 English Books

© Delhi Public Library
Hit Counter
free hit counter